000 00287nam a2200109Ia 4500
008 200302s9999 xx 000 0 und d
100 _aArthur Rueggy
245 _aCharlotte Perriand Livre De Bord -- 1928--1933
260 _bBirkhauser Publications, Basel
260 _c2004
300 _a287
999 _c4611
_d4611